000 00496nam a22001697a 4500
003 LDD
005 20250701095731.0
008 250701b |||||||| |||| 00| 0 eng d
020 _a9789349750937
040 _cIGNOU Library
100 _aChoksi, Rustom
_eAuthor
_921192
245 _aPartial differential equations:
_ba first course /
_cRustom Choksi
260 _aIndia;
_bUniversity Press,
_c2025.
300 _axxxii, 612p.;
500 _aGifted by School of Science (NBHM)
942 _2ddc
_cMP
999 _c200211
_d200211